000 01954nam0a2200349 4500
001 RU\NLR\bibl\1654252
005 20250616034440.0
010 _a978-5-89764-269-4
_998
021 _aRU
_b2010-42171
_92828
035 _a(NLR Aleph) 001645568
090 _a889209
_c889209
100 _a20100709d2009 |||y0rusy50 ca
101 0 _arus
102 _aRU
105 _ay |||||||||
200 1 _aАгроэкологическая оценка, свойства и мелиорация солонцов Омской области
_eучебное пособие
_fВ.И. Убогов, В.Е. Кушнаренко, Ю.А. Азаренко
_gМ-во сел. хоз-ва Рос. Федерации, Федер. гос. образоват. учреждение высш. проф. образования "Ом. гос. аграр. ун-т" (ФГОУ ВПО ОмГАУ)
210 _aОмск
_cФГОУ ВПО ОмГАУ
_d2009
215 _a107 с.
_d21
320 _aБиблиогр.: с. 101-105 (72 назв.)
320 _aПредм. указ.: с. 106-107
606 1 _aСолонцовые почвы
_jУчебные издания для высших учебных заведений
_xМелиорация
_xАгроэкологическая оценка
_yОмская область
_92601059
_3RU\NLR\auth\661537617
606 1 _aСолонцы
_jУчебные издания для высших учебных заведений
_yОмская область
_91928919
_3RU\NLR\auth\661169058
686 _aП034.234-26(2Р53-4Ом)я73
686 _aП062.6(2Р53-4Ом)я73
700 1 _aУбогов
_bВ. И.
_gВалерий Иванович
_4070
701 1 _aКушнаренко
_bВ. Е.
_gВиктор Евдокимович
_4070
701 1 _aАзаренко
_bЮ. А.
_gЮлия Александровна
_4070
801 0 _aRU
_bNLR
_c20100709
_gRCR
801 1 _aRU
_bNLR
_c20100709
942 _cBOOK
980 _aNB